LEADER 01001nam a2200205 i 4500 001 000000013096 003 CaOOAMICUS 005 20180830125441.0 008 180830s1975 it u000 u ita u 040 $aSeMil$bita 100 1 $aMariano, Giovanni <1946- >.$0(OLS)http://semarc/name/89296 240 10$aIntroduzione alla sociologia. Problemi sociologici. Introduzione alla politica economica e sociale. Problemi politico-economico-sociali.$0(OLS)http://semarc/title/17449 245 10$aIntroduzione alla problematica sociale /$cGiovanni Mariano. 260 $aSaronno :$b[s.n.],$c1975. 300 $av. ;$c30 cm. 650 4$aDispense scolastiche.$0(OLS)http://semarc/subject/526 650 4$aSociologia - Introduzioni.$0(OLS)http://semarc/subject/2189 774 0 $aMariano, Giovanni <1946- >$tIntroduzione alla sociologia.$gParte1$w()135606 996 $6245$aIntroduzione alla problematica sociale$9(OLS)http://semarc/title/17448 996 $6260$aSaronno :$b[s.n.]$9(OLS)http://semarc/publisher/31096 LEADER 00765nam a2200217 i 4500 001 000000053235 003 CaOOAMICUS 005 19970311000000.0 008 970311n it u000 u ita u 013 $a24407 020 $a88-384-2624-4 040 $aSeMil$bita 245 12$aI prinćpi. 300 $a912 p. 650 4$aTeologia - Storia - Sec. 1.-11.$0(OLS)http://semarc/subject/10116 773 0 $tStoria della teologia nel medioevo.$dCasale Monferrato : Piemme, 1996.$g1$w()1539 850 $aSeMil 852 $aSeMil$W1$xVenegono$y1$mSL1.P III 10$j19389$B19389$CSeMilBibl$Z2$F19391 $8I 961 $aAcquisto: Glossa (Libreria) 996 $6020$a88-384-2624-4$9(OLS)http://semarc/number/27859 996 $6245$aI prinćpi$9(OLS)http://semarc/title/81966